Sunderland League Players Since 2014 - Statistics

General Stats
  • This quiz has been taken 21 times
  • The average score is 177 of 307
Answer Stats
% Correct
2023/24 (Championship - 16th) France RM 20 Abdoullah Ba 39 3
94%
2022/23 (Championship - 6th) France RM 18 Abdoullah Ba 27 1
94%
2023/24 (Championship - 16th) Northern Ireland CB 24 Daniel Ballard 43 3
94%
2022/23 (Championship - 6th) Northern Ireland CB 22 Daniel Ballard 19
94%
2021/22 (League One - 5th) England ST 38 Jermain Defoe 7
94%
2016/17 (Premier League - 20th) England ST 33 Jermain Defoe 37 15
94%
2015/16 (Premier League - 17th) England ST 32 Jermain Defoe 33 15
94%
2014/15 (Premier League - 16th) England ST 31 Jermain Defoe 17 4
94%
2023/24 (Championship - 16th) England GK 24 Anthony Patterson 45
89%
2022/23 (Championship - 6th) England GK 22 Anthony Patterson 46
89%
2021/22 (League One - 5th) England GK 21 Anthony Patterson 20
89%
2023/24 (Championship - 16th) England CM 22 Dan Neil 42 4
89%
2022/23 (Championship - 6th) England CM 20 Dan Neil 45 2
89%
2021/22 (League One - 5th) England CM 19 Dan Neil 39 3
89%
2020/21 (League One - 4th) England CM 18 Dan Neil 2
89%
2021/22 (League One - 5th) England LB 22 Denver Hume 4
89%
2020/21 (League One - 4th) England LB 21 Denver Hume 23 1
89%
2019/20 (League One - 8th) England LB 20 Denver Hume 32 1
89%
2018/19 (League One - 5th) England LB 19 Denver Hume 8
89%
2017/18 (Championship - 24th) England LB 18 Denver Hume 1
89%
2023/24 (Championship - 16th) England LW 23 Jack Clarke 40 15
89%
2022/23 (Championship - 6th) England LW 21 Jack Clarke 45 9
89%
2021/22 (League One - 5th) England LW 20 Jack Clarke 17 1
89%
2023/24 (Championship - 16th) England AM 18 Jobe Bellingham 45 7
89%
2017/18 (Championship - 24th) Ireland CB 36 John O'Shea 37 1
89%
2016/17 (Premier League - 20th) Ireland CB 35 John O'Shea 28
89%
2015/16 (Premier League - 17th) Ireland CB 34 John O'Shea 28
89%
2014/15 (Premier League - 16th) Ireland CB 33 John O'Shea 37
89%
2023/24 (Championship - 16th) England RW 27 Patrick Roberts 32
89%
2022/23 (Championship - 6th) England RW 25 Patrick Roberts 42 5
89%
2021/22 (League One - 5th) England RW 24 Patrick Roberts 14 1
89%
2023/24 (Championship - 16th) France DM 22 Pierre Ekwah 40 5
89%
2022/23 (Championship - 6th) France DM 20 Pierre Ekwah 14
89%
2016/17 (Premier League - 20th) Sweden CM 31 Sebastian Larsson 21
89%
2015/16 (Premier League - 17th) Sweden CM 30 Sebastian Larsson 18
89%
2014/15 (Premier League - 16th) Sweden CM 29 Sebastian Larsson 36 3
89%
2023/24 (Championship - 16th) Northern Ireland RB 22 Trai Hume 46 1
89%
2022/23 (Championship - 6th) Northern Ireland RB 20 Trai Hume 28 1
89%
2021/22 (League One - 5th) Northern Ireland RB 19 Trai Hume 3
89%
2017/18 (Championship - 24th) England ST 21 Ashley Fletcher 16 2
83%
2017/18 (Championship - 24th) England RB 30 Billy Jones 22 1
83%
2016/17 (Premier League - 20th) England RB 29 Billy Jones 27 1
83%
2015/16 (Premier League - 17th) England RB 28 Billy Jones 24 1
83%
2014/15 (Premier League - 16th) England RB 27 Billy Jones 14
83%
2023/24 (Championship - 16th) England CM 16 Chris Rigg 21 2
83%
2015/16 (Premier League - 17th) Romania GK 28 Costel Pantilimon 17
83%
2014/15 (Premier League - 16th) Romania GK 27 Costel Pantilimon 28
83%
2023/24 (Championship - 16th) England LB 22 Dennis Cirkin 8
83%
2022/23 (Championship - 6th) England LB 20 Dennis Cirkin 28 5
83%
2021/22 (League One - 5th) England LB 19 Dennis Cirkin 34
83%
2017/18 (Championship - 24th) Gabon CM 23 Didier Ndong 18
83%
2016/17 (Premier League - 20th) Gabon CM 22 Didier Ndong 31 1
83%
2016/17 (Premier League - 20th) Italy LW 25 Fabio Borini 24 2
83%
2015/16 (Premier League - 17th) Italy LW 24 Fabio Borini 26 5
83%
2023/24 (Championship - 16th) Costa Rica LW 19 Jewison Bennette 1
83%
2022/23 (Championship - 6th) Costa Rica LW 18 Jewison Bennette 15 1
83%
2020/21 (League One - 4th) Northern Ireland LW 25 Jordan Jones 19 3
83%
2023/24 (Championship - 16th) England CB 29 Luke O'Nien 43 2
83%
2022/23 (Championship - 6th) England CB 27 Luke O'Nien 41 2
83%
2021/22 (League One - 5th) England CB 26 Luke O'Nien 26 3
83%
2020/21 (League One - 4th) England CB 25 Luke O'Nien 38 2
83%
2019/20 (League One - 8th) England CB 24 Luke O'Nien 35 4
83%
2018/19 (League One - 5th) England CB 23 Luke O'Nien 37 5
83%
2023/24 (Championship - 16th) United States LB 28 Lynden Gooch 2
83%
2022/23 (Championship - 6th) United States LB 26 Lynden Gooch 30 1
83%
2021/22 (League One - 5th) United States LB 25 Lynden Gooch 38
83%
2020/21 (League One - 4th) United States LB 24 Lynden Gooch 38 4
83%
2019/20 (League One - 8th) United States LB 23 Lynden Gooch 30 10
83%
2018/19 (League One - 5th) United States LB 22 Lynden Gooch 39 5
83%
2017/18 (Championship - 24th) United States LB 21 Lynden Gooch 24 1
83%
2016/17 (Premier League - 20th) United States LB 20 Lynden Gooch 11
83%
2023/24 (Championship - 16th) Ukraine ST 25 Nazariy Rusyn 21 2
83%
2016/17 (Premier League - 20th) Netherlands LB 25 Patrick van Aanholt 21 3
83%
2015/16 (Premier League - 17th) Netherlands LB 24 Patrick van Aanholt 33 5
83%
2014/15 (Premier League - 16th) Netherlands LB 23 Patrick van Aanholt 28
83%
2015/16 (Premier League - 17th) Scotland ST 28 Steven Fletcher 16 4
83%
2014/15 (Premier League - 16th) Scotland ST 27 Steven Fletcher 30 5
83%
2017/18 (Championship - 24th) Tunisia LW 26 Wahbi Khazri 3
83%
2016/17 (Premier League - 20th) Tunisia LW 25 Wahbi Khazri 21 1
83%
2015/16 (Premier League - 17th) Tunisia LW 24 Wahbi Khazri 14 2
83%
2015/16 (Premier League - 17th) England CB 35 Wes Brown 6
83%
2014/15 (Premier League - 16th) England CB 34 Wes Brown 25
83%
2022/23 (Championship - 6th) Ivory Coast RW 19 Amad Diallo 37 13
78%
2022/23 (Championship - 6th) Australia CB 29 Bailey Wright 14
78%
2021/22 (League One - 5th) Australia CB 28 Bailey Wright 37 2
78%
2020/21 (League One - 4th) Australia CB 27 Bailey Wright 33 2
78%
2019/20 (League One - 8th) Australia CB 26 Bailey Wright 5
78%
2023/24 (Championship - 16th) Northern Ireland CM 33 Corry Evans 3
78%
2022/23 (Championship - 6th) Northern Ireland CM 31 Corry Evans 24
78%
2021/22 (League One - 5th) Northern Ireland CM 30 Corry Evans 33 2
78%
2015/16 (Premier League - 17th) United States RB 21 DeAndre Yedlin 23
78%
2016/17 (Premier League - 20th) England GK 22 Jordan Pickford 29
78%
2015/16 (Premier League - 17th) England GK 21 Jordan Pickford 2
78%
2023/24 (Championship - 16th) Wales LB 23 Niall Huggins 19 1
78%
2022/23 (Championship - 6th) Wales LB 21 Niall Huggins 1
78%
2021/22 (League One - 5th) Wales LB 20 Niall Huggins 2
78%
2022/23 (Championship - 6th) Scotland ST 25 Ross Stewart 13 10
78%
2021/22 (League One - 5th) Scotland ST 24 Ross Stewart 46 24
78%
2020/21 (League One - 4th) Scotland ST 23 Ross Stewart 11 2
78%
2016/17 (Premier League - 20th) Italy GK 28 Vito Mannone 9
78%
2015/16 (Premier League - 17th) Italy GK 27 Vito Mannone 19
78%
2014/15 (Premier League - 16th) Italy GK 26 Vito Mannone 10
78%
2015/16 (Premier League - 17th) England RW 27 Adam Johnson 19 2
72%
2014/15 (Premier League - 16th) England RW 26 Adam Johnson 32 4
72%
2021/22 (League One - 5th) Ireland LW 35 Aiden McGeady 14 3
72%
2020/21 (League One - 4th) Ireland LW 34 Aiden McGeady 29 4
72%
2019/20 (League One - 8th) Ireland LW 33 Aiden McGeady 15 4
72%
2018/19 (League One - 5th) Ireland LW 32 Aiden McGeady 34 11
72%
2017/18 (Championship - 24th) Ireland LW 31 Aiden McGeady 35 7
72%
2018/19 (League One - 5th) Costa Rica LB 28 Bryan Oviedo 23
72%
2017/18 (Championship - 24th) Costa Rica LB 27 Bryan Oviedo 34 2
72%
2016/17 (Premier League - 20th) Costa Rica LB 26 Bryan Oviedo 10
72%
2022/23 (Championship - 6th) England CB 31 Danny Batth 40
72%
2021/22 (League One - 5th) England CB 30 Danny Batth 9 1
72%
2023/24 (Championship - 16th) Netherlands CB 20 Jenson Seelt 17
72%
2017/18 (Championship - 24th) Ivory Coast CB 28 Lamine Kone 24
72%
2016/17 (Premier League - 20th) Ivory Coast CB 27 Lamine Kone 30 1
72%
2015/16 (Premier League - 17th) Ivory Coast CB 26 Lamine Kone 15 2
72%
2018/19 (League One - 5th) England DM 30 Lee Cattermole 29 7
72%
2017/18 (Championship - 24th) England DM 29 Lee Cattermole 35 1
72%
2016/17 (Premier League - 20th) England DM 28 Lee Cattermole 8
72%
2015/16 (Premier League - 17th) England DM 27 Lee Cattermole 31
72%
2014/15 (Premier League - 16th) England DM 26 Lee Cattermole 28 1
72%
2023/24 (Championship - 16th) Norway LB 20 Leo Hjelde 11
72%
2023/24 (Championship - 16th) France RB 21 Timothee Pembele 8
72%
2016/17 (Premier League - 20th) Belgium RW 21 Adnan Januzaj 25
67%
2023/24 (Championship - 16th) England AM 31 Alex Pritchard 23 1
67%
2022/23 (Championship - 6th) England AM 29 Alex Pritchard 40 4
67%
2021/22 (League One - 5th) England AM 28 Alex Pritchard 36 4
67%
2023/24 (Championship - 16th) England AM 30 Bradley Dack 16 1
67%
2020/21 (League One - 4th) England ST 27 Charlie Wyke 43 25
67%
2019/20 (League One - 8th) England ST 26 Charlie Wyke 27 5
67%
2018/19 (League One - 5th) England ST 25 Charlie Wyke 24 4
67%
2018/19 (League One - 5th) Nigeria ST 19 Josh Maja 24 15
67%
2017/18 (Championship - 24th) Nigeria ST 18 Josh Maja 17 1
67%
2017/18 (Championship - 24th) Northern Ireland CB 22 Paddy McNair 16 5
67%
2016/17 (Premier League - 20th) Northern Ireland CB 21 Paddy McNair 9
67%
2015/16 (Premier League - 17th) Uruguay CB 24 Sebastian Coates 16
67%
2014/15 (Premier League - 16th) Uruguay CB 23 Sebastian Coates 10
67%
2023/24 (Championship - 16th) France AM 21 Adil Aouchiche 28 2
61%
2023/24 (Championship - 16th) Hungary CM 24 Callum Styles 12
61%
2017/18 (Championship - 24th) Ireland CM 29 Darron Gibson 15
61%
2016/17 (Premier League - 20th) Ireland CM 28 Darron Gibson 12
61%
2023/24 (Championship - 16th) Spain ST 19 Eliezer Mayenda 8
61%
2014/15 (Premier League - 16th) Italy LM 29 Emanuele Giaccherini 8
61%
2018/19 (League One - 5th) England AM 23 George Honeyman 35 6
61%
2017/18 (Championship - 24th) England AM 22 George Honeyman 42 6
61%
2016/17 (Premier League - 20th) England AM 21 George Honeyman 5
61%
2015/16 (Premier League - 17th) England AM 20 George Honeyman 1
61%
2020/21 (League One - 4th) England CM 34 Grant Leadbitter 40 7
61%
2019/20 (League One - 8th) England CM 33 Grant Leadbitter 14
61%
2018/19 (League One - 5th) England CM 32 Grant Leadbitter 15
61%
2017/18 (Championship - 24th) England CB 26 Jack Rodwell 2 1
61%
2016/17 (Premier League - 20th) England CB 25 Jack Rodwell 20
61%
2015/16 (Premier League - 17th) England CB 24 Jack Rodwell 22 1
61%
2014/15 (Premier League - 16th) England CB 23 Jack Rodwell 23 3
61%
2016/17 (Premier League - 20th) Germany DM 25 Jan Kirchhoff 7
61%
2015/16 (Premier League - 17th) Germany DM 24 Jan Kirchhoff 15
61%
2016/17 (Premier League - 20th) Spain RB 22 Javier Manquillo 20 1
61%
2016/17 (Premier League - 20th) Netherlands RW 28 Jeremain Lens 2
61%
2015/16 (Premier League - 17th) Netherlands RW 27 Jeremain Lens 20 3
61%
2014/15 (Premier League - 16th) United States ST 24 Jozy Altidore 11
61%
2023/24 (Championship - 16th) Portugal ST 20 Luis Semedo 23
61%
2023/24 (Championship - 16th) Australia CB 21 Nectarios Triantis 2
61%
2016/17 (Premier League - 20th) South Africa LM 34 Steven Pienaar 15
61%
2015/16 (Premier League - 17th) France DM 25 Yann M'Vila 37 1
61%
2020/21 (League One - 4th) Scotland RW 31 Chris Maguire 33 5
56%
2019/20 (League One - 8th) Scotland RW 30 Chris Maguire 35 10
56%
2018/19 (League One - 5th) Scotland RW 29 Chris Maguire 33 7
56%
2014/15 (Premier League - 16th) England ST 21 Connor Wickham 36 5
56%
2019/20 (League One - 8th) England RW 25 Duncan Watmore 17 1
56%
2018/19 (League One - 5th) England RW 24 Duncan Watmore 11 1
56%
2017/18 (Championship - 24th) England RW 23 Duncan Watmore 6
56%
2016/17 (Premier League - 20th) England RW 22 Duncan Watmore 14
56%
2015/16 (Premier League - 17th) England RW 21 Duncan Watmore 23 3
56%
2023/24 (Championship - 16th) England ST 20 Mason Burstow 20 1
56%
2014/15 (Premier League - 16th) Argentina CB 25 Santiago Vergini 31
56%
2023/24 (Championship - 16th) England LW 17 Tom Watson 1
56%
2022/23 (Championship - 6th) England LW 15 Tom Watson 1
56%
2020/21 (League One - 4th) England ST 34 Danny Graham 14
50%
2015/16 (Premier League - 17th) England ST 29 Danny Graham 10
50%
2014/15 (Premier League - 16th) England ST 28 Danny Graham 14 1
50%
2018/19 (League One - 5th) Scotland RB 23 Donald Love 4
50%
2017/18 (Championship - 24th) Scotland RB 22 Donald Love 11
50%
2016/17 (Premier League - 20th) Scotland RB 21 Donald Love 12
50%
2022/23 (Championship - 6th) England ST 21 Ellis Simms 17 7
50%
2016/17 (Premier League - 20th) Belgium CB 21 Jason Denayer 24
50%
2017/18 (Championship - 24th) Wales AM 23 Jonny Williams 12 1
50%
2017/18 (Championship - 24th) Jamaica ST 29 Lewis Grabban 19 12
50%
2016/17 (Premier League - 20th) Senegal CB 27 Papy Djilobodji 18
50%
2023/24 (Championship - 16th) England RW 21 Romaine Mundle 11 1
50%
2020/21 (League One - 4th) Northern Ireland ST 28 Will Grigg 9
50%
2019/20 (League One - 8th) Northern Ireland ST 27 Will Grigg 20 1
50%
2018/19 (League One - 5th) Northern Ireland ST 26 Will Grigg 18 4
50%
2018/19 (League One - 5th) Wales RB 26 Adam Matthews 23 1
44%
2017/18 (Championship - 24th) Wales RB 25 Adam Matthews 34 1
44%
2015/16 (Premier League - 17th) Wales RB 23 Adam Matthews 1
44%
2023/24 (Championship - 16th) England CB 23 Aji Alese 8
44%
2022/23 (Championship - 6th) England CB 21 Aji Alese 20 1
44%
2021/22 (League One - 5th) England CB 17 Callum Doyle 36 1
44%
2022/23 (Championship - 6th) England AM 23 Elliot Embleton 23 2
44%
2021/22 (League One - 5th) England AM 22 Elliot Embleton 38 8
44%
2020/21 (League One - 4th) England AM 21 Elliot Embleton 9
44%
2019/20 (League One - 8th) England AM 20 Elliot Embleton 3
44%
2017/18 (Championship - 24th) England AM 18 Elliot Embleton 2
44%
2022/23 (Championship - 6th) England ST 20 Joe Gelhardt 18 3
44%
2016/17 (Premier League - 20th) England CB 33 Joleon Lescott 2
44%
2015/16 (Premier League - 17th) Spain CM 30 Jordi Gomez 6
44%
2014/15 (Premier League - 16th) Spain CM 29 Jordi Gomez 29 4
44%
2017/18 (Championship - 24th) Northern Ireland GK 32 Lee Camp 12
44%
2022/23 (Championship - 6th) Germany SS 21 Leon Dajaku 10
44%
2021/22 (League One - 5th) Germany SS 20 Leon Dajaku 22 4
44%
2023/24 (Championship - 16th) England GK 24 Nathan Bishop 1
44%
2015/16 (Premier League - 17th) Sweden ST 28 Ola Toivonen 12
44%
2020/21 (League One - 4th) England GK 26 Remi Matthews 6
44%
2016/17 (Premier League - 20th) Nigeria ST 28 Victor Anichebe 18 3
44%
2019/20 (League One - 8th) Ghana RW 19 Antoine Semenyo 7
39%
2017/18 (Championship - 24th) Zimbabwe LB 21 Brendan Galloway 7
39%
2021/22 (League One - 5th) Northern Ireland DM 28 Carl Winchester 40 3
39%
2020/21 (League One - 4th) Northern Ireland DM 27 Carl Winchester 20 1
39%
2020/21 (League One - 4th) Northern Ireland RB 28 Conor McLaughlin 25
39%
2019/20 (League One - 8th) Northern Ireland RB 27 Conor McLaughlin 15
39%
2015/16 (Premier League - 17th) Senegal ST 30 Dame N'Doye 11 1
39%
2017/18 (Championship - 24th) England GK 26 Jason Steele 15
39%
2019/20 (League One - 8th) Scotland GK 31 Jon McLaughlin 32
39%
2018/19 (League One - 5th) Scotland GK 30 Jon McLaughlin 46
39%
2014/15 (Premier League - 16th) Scotland DM 25 Liam Bridcutt 18
39%
2017/18 (Championship - 24th) Ireland CB 29 Marc Wilson 21
39%
2021/22 (League One - 5th) Wales LW 23 Nathan Broadhead 20 10
39%
2014/15 (Premier League - 16th) Argentina CM 26 Ricky Alvarez 13
39%
2021/22 (League One - 5th) Northern Ireland CB 29 Tom Flanagan 25 1
39%
2020/21 (League One - 4th) Northern Ireland CB 28 Tom Flanagan 16
39%
2019/20 (League One - 8th) Northern Ireland CB 27 Tom Flanagan 18 1
39%
2018/19 (League One - 5th) Northern Ireland CB 26 Tom Flanagan 32 2
39%
2016/17 (Premier League - 20th) France CB 30 Younes Kaboul 1
39%
2015/16 (Premier League - 17th) France CB 29 Younes Kaboul 23
39%
2019/20 (League One - 8th) Turkey CB 26 Alim Ozturk 22
33%
2018/19 (League One - 5th) Turkey CB 25 Alim Ozturk 10
33%
2022/23 (Championship - 6th) France CM 19 Edouard Michut 24 1
33%
2017/18 (Championship - 24th) England ST 28 James Vaughan 23 2
33%
2017/18 (Championship - 24th) Sweden RW 18 Joel Asoro 26 3
33%
2016/17 (Premier League - 20th) Sweden RW 17 Joel Asoro 1
33%
2019/20 (League One - 8th) Northern Ireland ST 31 Kyle Lafferty 11 2
33%
2021/22 (League One - 5th) England GK 28 Lee Burge 3
33%
2020/21 (League One - 4th) England GK 27 Lee Burge 41
33%
2019/20 (League One - 8th) England GK 26 Lee Burge 5
33%
2018/19 (League One - 5th) Scotland LW 21 Lewis Morgan 17 1
33%
2020/21 (League One - 4th) England CM 26 Max Power 42 5
33%
2019/20 (League One - 8th) England CM 25 Max Power 31 2
33%
2018/19 (League One - 5th) England CM 24 Max Power 35 4
33%
2021/22 (League One - 5th) Germany GK 22 Ron-Thorben Hoffmann 23
33%
2017/18 (Championship - 24th) China CB 23 Tyias Browning 27
33%
2021/22 (League One - 5th) Ireland LW 27 Aiden O'Brien 17 2
28%
2020/21 (League One - 4th) Ireland LW 26 Aiden O'Brien 32 4
28%
2021/22 (League One - 5th) Kosovo CB 23 Arbenit Xhemajli 3
28%
2020/21 (League One - 4th) Scotland LB 26 Callum McFadzean 25 1
28%
2020/21 (League One - 4th) England DM 22 George Dobson 5
28%
2019/20 (League One - 8th) England DM 21 George Dobson 29
28%
2018/19 (League One - 5th) Netherlands CB 34 Glenn Loovens 11
28%
2022/23 (Championship - 6th) France RW 20 Isaac Lihadji 6
28%
2017/18 (Championship - 24th) DR Congo LW 26 Kazenga LuaLua 6
28%
2019/20 (League One - 8th) Belgium LB 26 Laurens De Bock 5
28%
2014/15 (Premier League - 16th) France RB 34 Anthony Reveillere 16
22%
2018/19 (League One - 5th) England RB 16 Bali Mumba 4
22%
2017/18 (Championship - 24th) England RB 15 Bali Mumba 1
22%
2017/18 (Championship - 24th) England RW 26 Callum McManaman 24 1
22%
2021/22 (League One - 5th) Denmark CB 21 Frederik Alves 3
22%
2017/18 (Championship - 24th) England CB 19 Jake Clarke-Salter 11
22%
2018/19 (League One - 5th) England ST 21 Jerome Sinclair 13 1
22%
2022/23 (Championship - 6th) England CB 21 Joe Anderson 4
22%
2019/20 (League One - 8th) Wales CB 31 Joel Lynch 16
22%
2020/21 (League One - 4th) England CM 27 Josh Scowen 43 1
22%
2019/20 (League One - 8th) England CM 26 Josh Scowen 4
22%
2018/19 (League One - 5th) England ST 19 Kazaiah Sterling 8 1
22%
2014/15 (Premier League - 16th) France ST 19 Mikael Mandron 1
22%
2018/19 (League One - 5th) England LB 24 Reece James 27
22%
2018/19 (League One - 5th) Netherlands GK 31 Robbin Ruiter 1
22%
2017/18 (Championship - 24th) Netherlands GK 30 Robbin Ruiter 20
22%
2014/15 (Premier League - 16th) Cyprus CB 27 Valentin Roberge 1
22%
2014/15 (Premier League - 16th) England RW 24 Will Buckley 22
22%
2021/22 (League One - 5th) Sweden ST 21 Benjamin Kimpioka 2 1
17%
2019/20 (League One - 8th) Sweden ST 19 Benjamin Kimpioka 4 1
17%
2018/19 (League One - 5th) Sweden ST 18 Benjamin Kimpioka 4
17%
2020/21 (League One - 4th) England CB 20 Dion Sanderson 26 1
17%
2019/20 (League One - 8th) Scotland CM 26 Dylan McGeouch 8
17%
2018/19 (League One - 5th) Scotland CM 25 Dylan McGeouch 22
17%
2017/18 (Championship - 24th) England CM 20 Ethan Robson 9
17%
2018/19 (League One - 5th) England CB 25 Jack Baldwin 34 3
17%
2022/23 (Championship - 6th) England LW 22 Jack Diamond 1
17%
2021/22 (League One - 5th) England LW 21 Jack Diamond 3
17%
2020/21 (League One - 4th) England LW 20 Jack Diamond 24 1
17%
2020/21 (League One - 4th) England CB 25 Jordan Willis 15
17%
2019/20 (League One - 8th) England CB 24 Jordan Willis 35 1
17%
2015/16 (Premier League - 17th) England AM 18 Rees Greenwood 1
17%
2015/16 (Premier League - 17th) England LB 19 Tommy Robson 1
17%
2022/23 (Championship - 6th) England CM 21 Jay Matete 8
11%
2021/22 (League One - 5th) England CM 20 Jay Matete 14
11%
2018/19 (League One - 5th) Ireland CB 20 Jimmy Dunne 12 1
11%
2021/22 (League One - 5th) England LM 22 Josh Hawkes 1
11%
2019/20 (League One - 8th) Scotland ST 26 Marc McNulty 15 2
11%
2017/18 (Championship - 24th) England LM 19 Ovie Ejaria 11 1
11%
2018/19 (League One - 5th) England RW 20 Luke Molyneux 2
6%
2017/18 (Championship - 24th) England RW 19 Luke Molyneux 1
6%
2020/21 (League One - 4th) England CB 20 Ollie Younger 1
6%
2021/22 (League One - 5th) England ST 20 Will Harris 3
6%
2020/21 (League One - 4th) England LB 20 Jake Vokins 4
0%
2020/21 (League One - 4th) England ST 20 Mitchell Curry 1
0%
No matching quizzes found
Score Distribution
Percent of People with Each Score
Percentile by Number Answered
Your Score History
You have not taken this quiz